000 00640nam a22001817a 4500
005 20241105122251.0
010 _aENG-142569
020 _c695.00
_a9788178441559
035 _aEN-126101
037 _bDBAD
082 _a000
100 _aB, Siddaramu
_973713
245 _aSocial Work For UGC NET/ JRF/SLET and Other Competitive Exams /
_cBy Siddaramu B
260 _aNew Delhi
_bK.K. Publications
_c2014
270 _bNew Delhi
_a4806/24, Bharat Ram Road Darya Ganj,
_e110002
_k011-23285167, 011-65185557, 011-64527574
_l011-47340207
_mkkpdevinder@vsnl.net
300 _a248p.
_c23cm(Hb)
942 _2ddc
_cEN
_h000
_mBSI
999 _c206895
_d206895